000 01013nam a2200241 i 4500
001 C2-0253838
003 PPAK
005 20180727221243.0
008 040410s1987 my a|||| ||||| | zxx d
040 _aPPAK
_beng
_cPPAK
_erda
082 0 4 _a378.595
_223
090 0 0 _a378.595
_bUNI
_dKSA
110 2 _aUniversiti Kebangsaan Malaysia
245 0 0 _aProgram pengajian siswazah Universiti Kebangsaan Malaysia 1987-1989 =
_bGraduate studies programmes Universiti Kebangsaan Malaysia 1987-1989
264 1 _aBangi, Selangor :
_bUniversiti Kebangsaan Malaysia ,
_c[1987]
300 _aiii, 117 pages :
_bcolour illustrations ;
_c23 cm
336 _2rdacontent
_atext
337 _2rdamedia
_aunmediated
338 _2rdacarrier
_avolume
650 1 0 _aUniversiti Kebangsaan Malaysia - Curricula - Periodicals ; Universiti Kebangsaan Malaysia - Entrance requirements - Periodicals ; Universiti Kebangsaan Malaysia - Admission - Periodicals
710 2 _aUniversiti Kebangsaan Malaysia
_eorganizer
942 _ddc
_cB
999 _c66634
_d66634